000 00522nam a22001817a 4500
005 20250109112732.0
010 _aENG-143265
020 _a9789392210648
_c495.00
035 _aEN-126797
037 _bDBAD
082 _aN
100 _aBanerji, Soumitra
_976187
245 _aliminal Tides /
_cBy Soumitra Banerji
260 _aChandigarh
_bJGS Enterprises Pvt. Ltd
_c2024
270 _aSCO 14-15, FF, Sector 8-C
_bChandigarh
_e160009
_mservice@thebrowser.org
300 _a360p.
_c21cm(pb)
942 _2ddc
_cEN
_mBAN
_hN
999 _c208253
_d208253